[Event "Saint Louis Blitz"]
[Site "Saint Louis"]
[Date "2017.08.17"]
[Round "6"]
[White "Nakamura, Hikaru"]
[Black "Navara, David"]
[Result "1-0"]
[WhiteElo "2792"]
[BlackElo "2737"]
[PlyCount "77"]
[EventDate "2017.08.17"]
[EventType "tourn (blitz)"]
[EventRounds "9"]
[EventCountry "USA"]
[EventCategory "22"]
[SourceTitle "CBM 180"]
[Source "ChessBase"]
[SourceDate "2017.09.13"]
[SourceVersion "1"]
[SourceVersionDate "2017.09.13"]
[SourceQuality "1"]

1. b3 d5 2. Bb2 Bg4 3. g3 c6 4. Bg2 Nd7 5. Nf3 Ngf6 6. O-O Bxf3 ({RR} 6... h6 7. d3 e6 8. Nbd2 Bd6 9. c4 Qe7 10. Rc1 Ba3 11. Qc2 O-O 12. Qb1 a5 13. h3 Bh5 14. Rc2 Bxb2 15. Qxb2 Rfe8 16. Rfc1 Qb4 17. a3 Qb6 18. g4 Bg6 19. Ne5 Nxe5 20. Qxe5 Nd7 21. Qb2 {Woodward,A (2544)-Yagupov,I (2230) chess.com INT 2025 1-0 (69)}) 7. exf3 e6 ({RR} 7... g6 8. d4 Bg7 9. Nd2 O-O 10. f4 e6 11. Nf3 c5 12. Ne5 cxd4 13. Bxd4 Nxe5 14. fxe5 Nd7 15. f4 Rc8 16. c3 Nb8 17. Qf3 Nc6 18. Bf2 Re8 19. Rfd1 Qc7 20. Rac1 Qa5 21. a4 Bf8 22. Kh1 {Ponomariov,R (2695)-Vallejo Pons,F (2677) Albox 2005 0-1 (50)}) 8. f4 g6 9. d3 $146 ({RR} 9. d4 Bd6 10. Nd2 Kf8 11. c4 Kg7 12. Nf3 a5 13. a4 Ne4 14. Qc2 h5 15. h4 Be7 16. Rad1 Nd6 17. Rfe1 Nf5 18. Bh3 Bf6 19. Ne5 Rc8 20. Bxf5 gxf5 21. Qe2 Nxe5 22. dxe5 Be7 23. Bc3 Qb6 {Pinheiro,I (2306)-Sroczynski,M (2266) chess.com INT 2023 0-1 (67)}) ({RR} 9. d4 Bd6 10. Nd2 Kf8 11. c4 Kg7 12. Nf3 a5 13. a4 Ne4 14. Qc2 h5 15. h4 Be7 16. Rad1 Nd6 17. Rfe1 Nf5 18. Bh3 Bf6 19. Ne5 Rc8 20. Bxf5 gxf5 21. Qe2 Nxe5 22. dxe5 Be7 23. Bc3 Qb6 {Pinheiro,I (2306)-Sroczynski,M (2266) chess.com INT 2023 0-1 (67)}) 9... Bg7 10. Nd2 O-O 11. Nf3 a5 12. a3 Qc7 13. Ne5 Ne8 14. Re1 Nd6 15. c4 Rfd8 16. cxd5 cxd5 17. d4 a4 18. Rc1 Qb6 19. b4 Nxe5 20. dxe5 Nc4 21. Bd4 Qc7 22. Rc3 b5 23. g4 Rac8 24. Bf1 Qd7 25. Rg3 Bh6 26. f5 exf5 27. gxf5 Qxf5 28. Bh3 Qf4 29. e6 f5 30. e7 Re8 31. Bg2 Qd6 32. Bc5 Rxc5 33. bxc5 Qf6 34. Bxd5+ Kg7 35. Bxc4 f4 36. Re6 Qb2 37. Rd3 bxc4 38. Rd8 c3 39. Qd4+ 1-0

[Event "Saint Louis Blitz"]
[Site "Saint Louis"]
[Date "2017.08.18"]
[Round "12"]
[White "Nakamura, Hikaru"]
[Black "Anand, Viswanathan"]
[Result "1-0"]
[WhiteElo "2792"]
[BlackElo "2783"]
[PlyCount "103"]
[EventDate "2017.08.17"]
[EventType "tourn (blitz)"]
[EventRounds "9"]
[EventCountry "USA"]
[EventCategory "22"]
[SourceTitle "CBM 180"]
[Source "ChessBase"]
[SourceDate "2017.09.13"]
[SourceVersion "1"]
[SourceVersionDate "2017.09.13"]
[SourceQuality "1"]

1. Nf3 d5 2. b3 Bg4 3. Bb2 Bxf3 4. exf3 Nd7 5. f4 e6 6. g3 Ngf6 7. Bg2 Be7 ({RR} 7... Bd6 8. O-O O-O 9. d3 Qe7 10. Re1 Bb4 11. Re2 Rfe8 12. a3 Bd6 13. Nd2 Qf8 14. Nf3 a5 15. Ne5 c6 16. a4 Bb4 17. h4 h5 18. Nf3 g6 19. Ng5 Be7 20. Bh3 Nh7 21. Nxe6 {1-0 (21) Van Foreest,J (2702)-Obolenskikh,D (2547) Chess.com INT 2022}) ({RR} 7... g6 8. O-O Bg7 9. d3 O-O 10. Nd2 Ne8 11. Bxg7 Kxg7 12. d4 Nd6 13. c4 c6 14. Qe2 a5 15. Nf3 a4 16. c5 Nf5 17. b4 a3 18. Rab1 Ra4 19. Rfd1 h5 20. Rb3 Qa8 21. Bh3 Ne7 22. Re1 {Topalov,A (2233)-Koepke,C (2319) chess.com INT 2025 1-0 (72)}) 8. O-O c5 $146 ({RR} 8... c6 9. d3 O-O 10. Nd2 a5 11. a3 a4 12. b4 c5 13. bxc5 Nxc5 14. Nf3 Qa5 15. Re1 Qc7 16. Nd4 g6 17. Qd2 Nfd7 18. Rab1 Bf6 19. Qb4 Rfc8 20. Bh3 Bg7 21. Re2 Nb8 22. Nb5 Qd7 23. Bxg7 {Large,P (2299)-Jeet,J (2167) Chess.com INT 2022 0-1 (38)}) ({RR} 8... O-O 9. c4 a6 10. Qc2 b5 11. f5 exf5 12. cxd5 Ne4 13. d3 Nd6 14. Nd2 Bf6 15. Nf3 Bxb2 16. Qxb2 b4 17. a3 bxa3 18. Qxa3 Nb5 19. Qb4 Qf6 20. Rac1 Qd6 21. Qh4 Qf6 22. Qxf6 Nxf6 23. Ne5 {Lumachi,G (2440)-Sukovic,A (2320) Grado ITA 2024 1-0 (56)}) 9. c4 O-O 10. d3 Rb8 11. Nd2 b5 12. Qc2 a6 13. Nf3 bxc4 14. bxc4 d4 15. Bc1 Bd6 16. Bd2 g6 17. Qa4 Qb6 18. Ba5 Qa7 19. Rfe1 Bc7 20. Bd2 Rb2 21. Bc1 Rb4 22. Qc2 Rfb8 23. Ba3 R4b6 24. Qa4 Bd6 25. h3 Qc7 26. Rac1 Kg7 27. Qc2 Ng8 28. Ng5 h6 29. Ne4 Ne7 30. h4 h5 31. Ng5 Nf8 32. Qa4 Nc6 33. Ne4 Nd7 34. Ng5 Nf8 35. Rcd1 Nb4 36. Bxb4 cxb4 37. Qc2 Be7 38. Qb2 Bf6 39. Ne4 Nd7 40. c5 Nxc5 41. Nxf6 Kxf6 42. Qxd4+ Ke7 43. Rc1 Rb5 44. f5 gxf5 45. Qg7 Qd8 46. Qg5+ Kf8 47. Qxh5 Qf6 48. Bf1 Na4 49. d4 Rd5 50. Rc7 Rxd4 51. Rxf7+ Qxf7 52. Qh8+ 1-0

[Event "Saint Louis Blitz"]
[Site "Saint Louis"]
[Date "2017.08.18"]
[Round "18"]
[White "Nakamura, Hikaru"]
[Black "Caruana, Fabiano"]
[Result "1-0"]
[WhiteElo "2792"]
[BlackElo "2807"]
[PlyCount "181"]
[EventDate "2017.08.17"]
[EventType "tourn (blitz)"]
[EventRounds "9"]
[EventCountry "USA"]
[EventCategory "22"]
[SourceTitle "CBM 180"]
[Source "ChessBase"]
[SourceDate "2017.09.13"]
[SourceVersion "1"]
[SourceVersionDate "2017.09.13"]
[SourceQuality "1"]

1. Nf3 d5 2. b3 c5 3. Bb2 Nc6 4. e3 a6 5. d4 cxd4 6. Nxd4 Nf6 7. Nxc6 bxc6 8. Nd2 e6 9. Bd3 Be7 10. O-O O-O 11. c4 a5 12. Qc2 h6 13. Nf3 $146 ({RR} 13. a3 Ba6 14. e4 Qb6 15. Rfe1 Rfd8 16. Rac1 Rab8 17. cxd5 Bxd3 18. Qxd3 cxd5 19. e5 Ne4 20. Bd4 Qb7 21. Rb1 Nxd2 22. Qxd2 Bxa3 23. Re3 Bb4 24. Qd1 Bf8 25. Ra1 Qb5 26. h3 Bc5 27. Rf3 Bxd4 {Nakamura,H (2802)-Oparin,G (2662) chess.com INT 2024 0-1 (31)}) ({RR} 13. a3 Ba6 14. Nf3 Nd7 15. Rfd1 Bf6 16. Nd4 Qb6 17. Rac1 c5 18. Nb5 Bxb5 19. cxb5 Bxb2 20. Qxb2 a4 21. b4 Rfc8 22. bxc5 Nxc5 23. Qd4 Rc7 24. Rc3 Rac8 25. Rdc1 Qd6 26. Qb4 Ne4 27. Rxc7 Rxc7 {Nakamura,H (2768)-Sarana,A (2662) Chess.com INT 2022 ½-½ (62)}) 13... Ba6 14. e4 Qb6 15. Rfe1 Rfd8 16. Rac1 Rac8 17. c5 Qb7 18. Bxa6 Qxa6 19. Bxf6 Bxf6 20. e5 Be7 21. Nd4 Rd7 22. f4 Rb7 23. a3 Rcb8 24. Re3 Rb5 25. Rc3 Qc8 26. Nxb5 Rxb5 27. h3 Qd7 28. Qd2 Qb7 29. Qe3 Qd7 30. Qd4 Qb7 31. Rb1 Qa7 32. b4 axb4 33. axb4 g6 34. Kh2 Kg7 35. Rcb3 Qb7 36. Qc3 Qb8 37. Kh1 Qb7 38. g4 Qc8 39. Kg2 Kh7 40. Kf3 Qd7 41. Ke3 Bh4 42. Kd2 Be7 43. Kc2 Qc8 44. Ra1 Qd7 45. Ra4 Rb7 46. Rba3 Bf8 47. Ra8 Bg7 48. R3a6 Rc7 49. h4 Qe7 50. g5 h5 51. Rb8 Qd7 52. Rbb6 Qc8 53. Kd3 d4 54. Qc2 Bf8 55. Qg2 Be7 56. Qa2 Qd7 57. Rb8 Rb7 58. Rxb7 Qxb7 59. Rb6 Qd7 60. Rb8 Bd8 61. Ra8 Bc7 62. Ra7 Kg7 63. Qc4 Qd8 64. Qxd4 Qb8 65. Ra3 Bd8 66. Qc4 Qb7 67. Kc2 Be7 68. Rd3 Qa7 69. Kb2 Qb7 70. Qd4 Bf8 71. Qc4 Be7 72. Ra3 Qd7 73. Kc2 Bf8 74. Qd3 Qb7 75. Ra4 Be7 76. Kd1 Kf8 77. Ke1 Kg7 78. Kf2 Kf8 79. Kg3 Kg7 80. Kf3 Kf8 81. Ke2 Kg7 82. Kd2 Kf8 83. Kc3 Kg7 84. Ra1 Kf8 85. Ra2 Kg7 86. Qa6 Qd7 87. Rd2 Qc7 88. Qa8 Kh7 89. Kb3 Kg7 90. Kc2 Kh7 91. Qe8 1-0

[Event "US Masters op"]
[Site "Greensboro"]
[Date "2017.08.27"]
[Round "9"]
[White "Zherebukh, Yaroslav"]
[Black "Huschenbeth, Niclas"]
[Result "1-0"]
[WhiteElo "2627"]
[BlackElo "2575"]
[PlyCount "79"]
[EventDate "2017.08.23"]
[EventType "swiss"]
[EventRounds "9"]
[EventCountry "USA"]
[SourceTitle "CBM 180 Extra"]
[Source "ChessBase"]
[SourceDate "2017.10.06"]
[SourceVersion "1"]
[SourceVersionDate "2017.10.06"]
[SourceQuality "1"]

1. Nf3 d5 2. b3 c5 3. e3 a6 4. c4 d4 5. exd4 cxd4 6. g3 Nc6 7. Bg2 Nf6 8. O-O e6 9. d3 Bd6 $146 ({RR} 9... Be7 10. Na3 O-O 11. Qe2 Nd7 12. Nc2 e5 13. Rb1 a5 14. a3 Re8 15. Nd2 Bf8 {½-½ (15) Contin,D (2382)-Lalic,B (2528) Bratto 2001}) 10. Na3 O-O 11. Nc2 e5 12. b4 Nxb4 13. Nxb4 Bxb4 14. Nxe5 Bc3 15. Rb1 Qa5 16. f4 Qxa2 17. Qb3 Qa5 18. Ba3 Re8 19. Bd6 Ra7 20. c5 Be6 21. Qb6 Raa8 22. Qxa5 Bxa5 23. Bxb7 Rad8 24. Nc6 Rxd6 25. cxd6 Bd2 26. Ne5 g6 27. Bxa6 Bd5 28. h3 Rd8 29. Bc4 Rxd6 30. Bxd5 Nxd5 31. Rb8+ Kg7 32. Rb7 Rf6 33. Ra1 g5 34. Raa7 gxf4 35. Rxf7+ Rxf7 36. Rxf7+ Kh6 37. g4 Be1 38. Nf3 Bg3 39. Rd7 Ne3 40. Rxd4 1-0

[Event "SRB-chT"]
[Site "Ruma"]
[Date "2017.09.02"]
[Round "2.1"]
[White "Nikolic, Predrag"]
[Black "Milanovic, Danilo"]
[Result "1-0"]
[WhiteElo "2598"]
[BlackElo "2500"]
[PlyCount "59"]
[EventDate "2017.09.01"]
[EventType "team-tourn"]
[EventRounds "11"]
[EventCountry "SRB"]
[SourceTitle "CBM 180 Extra"]
[Source "ChessBase"]
[SourceDate "2017.10.06"]
[SourceVersion "1"]
[SourceVersionDate "2017.10.06"]
[SourceQuality "1"]
[WhiteTeam "Kac Jugovic"]
[BlackTeam "Valjevo Sveti Nikolaj"]
[WhiteTeamCountry "SRB"]
[BlackTeamCountry "SRB"]

1. Nf3 Nf6 2. g3 d5 3. Bg2 c6 4. O-O Bg4 5. d3 e6 6. h3 Bh5 7. c4 ({RR} 7. Qe1 a5 8. e4 a4 9. a3 Be7 10. Nc3 dxe4 11. dxe4 Bxf3 12. Bxf3 Nbd7 13. Bg2 e5 14. f4 O-O 15. Kh1 Re8 16. g4 exf4 17. Bxf4 Qb6 18. Qg3 Nf8 19. Bc7 Qa6 20. e5 N6d7 21. Ne4 Ne6 {Kramnik,V (2753)-Vallejo Pons,F (2711) Krasnogorsk 2022 1-0 (32)}) 7... Bc5 $146 ({RR} 7... Be7 8. Qb3 Qc8 9. Nc3 Nbd7 10. Be3 dxc4 11. dxc4 Nc5 12. Qc2 a5 13. Rad1 Bg6 14. Qc1 Nfd7 15. Bd4 f6 16. Nh4 Bf7 17. b3 O-O 18. Ne4 Nxe4 19. Bxe4 Nc5 20. Bb1 Qc7 21. Qe3 b6 22. f4 {Schwabeneder,F (2412)-Palac,M (2536) Graz 2020 ½-½ (33)}) ({RR} 7... dxc4 8. dxc4 Qxd1 9. Rxd1 Nbd7 10. Nc3 Bb4 11. Bd2 Bg6 12. Nh4 O-O 13. Nxg6 hxg6 14. a3 Bxc3 15. Bxc3 Rfd8 16. b4 Nb6 17. c5 Na4 18. Be5 Nd5 19. Rac1 a5 20. e4 Ne7 21. Bc7 Rxd1+ 22. Rxd1 {Kiremitciyan,A (2271)-Do Nascimento,C (2107) chess.com INT 2025 0-1 (49)}) ({RR} 7... Be7 8. Qb3 Qb6 9. Be3 Qxb3 10. axb3 a6 11. g4 Bg6 12. Ne5 Nbd7 13. Nxg6 hxg6 14. Nc3 O-O 15. d4 Ne8 16. f4 Nd6 17. c5 Nb5 18. g5 f6 19. h4 e5 20. Nxb5 axb5 21. b4 e4 22. Bh3 {Mikhalevski,V (2565)-Sargissian,G (2682) Chess.com INT 2020 ½-½ (37)}) 8. Qc2 Nbd7 9. cxd5 cxd5 10. e4 O-O 11. Nc3 d4 12. Ne2 Bxf3 13. Bxf3 e5 14. Bd2 Rc8 15. Rac1 Rc6 16. Qb1 Qb6 17. g4 Rfc8 18. g5 Ne8 19. Bg4 Qd8 20. Ng3 Bd6 21. Nf5 Bb8 22. Rxc6 Rxc6 23. Rc1 Nc5 24. b4 Ne6 25. Rxc6 bxc6 26. Qc1 h6 27. g6 c5 28. Qc4 N8c7 29. gxf7+ Kxf7 30. bxc5 1-0

[Event "FIDE World Cup"]
[Site "Tbilisi"]
[Date "2017.09.05"]
[Round "1.3"]
[White "Yu, Yangyi"]
[Black "Pourramezanali, Amirreza"]
[Result "1-0"]
[WhiteElo "2744"]
[BlackElo "2533"]
[PlyCount "137"]
[EventDate "2017.09.03"]
[EventType "k.o."]
[EventRounds "7"]
[EventCountry "GEO"]
[SourceTitle "CBM 181"]
[Source "ChessBase"]
[SourceDate "2017.11.10"]
[SourceVersion "1"]
[SourceVersionDate "2017.11.10"]
[SourceQuality "1"]

1. Nf3 d5 2. g3 Bg4 3. Bg2 Nd7 4. O-O c6 5. h3 Bh5 6. d4 e6 7. c4 Ngf6 8. cxd5 cxd5 9. Nc3 Be7 10. Qb3 Bxf3 11. Bxf3 Qb6 12. e4 dxe4 ({RR} 12... Qxb3 13. axb3 dxe4 14. Nxe4 Nd5 15. Nc3 N7b6 16. Nxd5 Nxd5 17. Bxd5 exd5 18. Ra5 a6 19. Rxd5 Rd8 20. Rxd8+ Kxd8 21. Bf4 Kd7 22. Rc1 Rc8 23. Rxc8 Kxc8 24. Kg2 Kd7 25. Kf3 Ke6 26. Ke4 f5+ 27. Kd3 {Yurasov,M (2178)-Ivanov,O (2423) Ershovo RUS 2024 ½-½ (73)}) 13. Nxe4 O-O 14. Nxf6+ $146 ({RR} 14. Qxb6 Nxb6 15. Nc5 Rad8 16. Nxb7 Rxd4 17. Rd1 Rxd1+ 18. Bxd1 Nc4 19. Be2 Rb8 20. Bxc4 Rxb7 21. Be3 Nd5 22. Bxd5 exd5 23. Rc1 h6 24. Bd4 Rb4 25. Rd1 Rc4 26. Bc3 Bb4 27. Bxb4 Rxb4 28. b3 Rb5 {Sharif,M (2353)-Dickhoff,R (2100) Dresden 2018 ½-½ (42)}) 14... Bxf6 15. Be3 Rab8 16. d5 Qxb3 17. axb3 a6 18. dxe6 fxe6 19. Rad1 Ne5 20. Be4 Nc6 21. Rd7 Bxb2 22. Rfd1 e5 23. Bc5 Rfe8 24. b4 Bd4 25. Bd5+ Kh8 26. Rxb7 Rxb7 27. Bxc6 Rbb8 28. Bxe8 Rxe8 29. Bxd4 Rd8 30. Kf1 h6 31. Ke2 exd4 32. Kd3 Kh7 33. Rd2 g5 34. Kc4 Rf8 35. Kxd4 h5 36. Kc5 Rc8+ 37. Kb6 Rb8+ 38. Ka5 Rb5+ 39. Ka4 Rf5 40. Rd7+ Kg8 41. Rd6 Kf7 42. Rxa6 Rxf2 43. b5 Ke7 44. Rg6 Rh2 45. b6 Kd7 46. Kb5 h4 47. Rxg5 hxg3 48. Rxg3 Kc8 49. Rb3 Kb7 50. Kc5 Rd2 51. h4 Rh2 52. Rb4 Rd2 53. Rd4 Rc2+ 54. Kd6 Kxb6 55. h5 Rh2 56. Rd5 Rh1 57. Kd7 Kb7 58. Rb5+ Ka6 59. Kc6 Rh2 60. Rg5 Rc2+ 61. Kd7 Kb7 62. h6 Rh2 63. Rg6 Rd2+ 64. Ke8 Kc7 65. Rg7+ Kc8 66. h7 Rd8+ 67. Kf7 Rd7+ 68. Kg6 Rd6+ 69. Kh5 1-0

[Event "FIDE World Cup"]
[Site "Tbilisi"]
[Date "2017.09.14"]
[Round "4.4"]
[White "Rapport, Richard"]
[Black "Najer, Evgeniy"]
[Result "1-0"]
[WhiteElo "2675"]
[BlackElo "2707"]
[Annotator "Marin,Mihail"]
[PlyCount "99"]
[EventDate "2017.09.03"]
[EventType "k.o."]
[EventRounds "7"]
[EventCountry "GEO"]
[SourceTitle "CBM 181"]
[Source "ChessBase"]
[SourceDate "2017.11.10"]
[SourceVersion "1"]
[SourceVersionDate "2017.11.10"]
[SourceQuality "1"]

1. Nf3 d5 2. c4 d4 3. b4 Bg4 $5 {An ambitious static approach. Black intends exchanging on f3 followed by blocking the enemy queenside pawns with ...a7-a5.} 4. g3 (4. Qb3 {, aimed at avoiding double pawns, is likely to waste too much time with the queen.} c6 (4... Bxf3 {is also sound.} 5. Qxf3 c6 6. g3 e5 7. Qb3 Nf6 8. Bg2 a5 9. b5 a4 10. Qb2 Bc5 11. O-O O-O 12. d3 Qc7 13. Na3 h6 14. Rb1 Qd6 15. Nc2 Nbd7 16. Bd2 Rfe8 $11 {Howell,D (2644)-Najer,E (2679) Doha 2016 (0-1, 46)}) (4... Nf6 5. Bb2 c5 6. Ne5 {The start of a unfortunate adventure.} Bf5 7. e3 Nc6 8. Nxc6 bxc6 9. exd4 cxd4 10. Bd3 Bxd3 11. Qxd3 e5 12. O-O Bxb4 13. f4 e4 14. Qxd4 O-O $17 {Pritchett,C (2326)-Howell,D (2702) Llandudno 2017 (0-1, 40)}) 5. e3 Bxf3 6. gxf3 g6 7. Bb2 Bg7 8. Na3 Nh6 9. Nc2 e5 $13 10. f4 $6 {Demuth,A (2538)-Rodshtein,M (2699) Antalya 2017 (½-½, 44)} Qh4 $36 {[%cal Gh6g4]}) ({I also faced this line in a recent blitz game. I remembered I felt uncomfortable, but the position seems to have been quite OK all the way:} 4. d3 e6 (4... Bxf3 5. exf3 e5 6. a3 a5 {is more ambitious, preventing White from gaining space with f3-f4.}) 5. a3 Bxf3 6. exf3 a5 7. b5 Nd7 8. Nd2 Nc5 9. Ne4 Nf6 10. Bg5 (10. Nxc5 Bxc5 11. f4 O-O 12. g3 c6 13. Qa4 Qb6 14. Rb1 $13) 10... Be7 11. Bxf6 gxf6 12. g3 (12. Nxc5 Bxc5 13. g3 $11) 12... Nd7 13. f4 f5 14. Nd2 a4 15. Bg2 Nc5 16. Nf3 Bf6 17. O-O O-O 18. Ra2 Kh8 19. Re1 Rg8 {Marin,M (2539)-Bartel,M (2641) Tallinn 2016 (0-1, 37) with approximate equality as both sides are rock solid.}) 4... Bxf3 5. exf3 e5 {As mentioned above, this is the most ambitious way of clearing the bishop's diagonal.} (5... e6 6. b5 $5 {Typical for Rapport's originality. He immediately concedes the c5-square, gaining space without weakening his position and losing time with 2-a3.} (6. Qb3 {is also likely to waste time.} a5 7. b5 Nd7 8. Bg2 Nc5 9. Qc2 {Caruana,F (2807)-Anand,V (2783) Saint Louis (blitz) 2017 (½-½, 40)} d3 $5 10. Qd1 Qd4 11. Nc3 a4 $15) 6... Nf6 7. Bg2 a6 {The operation initiated by this move will only clear space for White's pieces.} 8. f4 axb5 9. cxb5 c6 10. O-O Be7 11. bxc6 Nxc6 12. a4 O-O 13. Na3 Nd7 14. d3 Ra6 15. Nc4 Qc7 16. Bd2 b6 17. f5 e5 (17... exf5 18. Bf4 $16 {[%cal Ga1c1]}) 18. f4 $16 {0-1 (40) Rapport,R (2729)-Caruana,F (2813) Germany 2017}) 6. Bg2 {It is interesting that now, with the pawn on e5, he reacts differently.} (6. b5 Nf6 7. Bg2 Nbd7 8. O-O Bd6 9. f4 exf4 10. Re1+ Kf8 11. Bb2 fxg3 12. hxg3 h5 $36 {Christiansen,J (2462)-Navara,D (2726) Antalya 2017 (0-1, 39)}) ({But the pawn sacrifice was not necessary, as} 6. a3 a5 7. b5 Nd7 8. Bg2 {would transpose to the game.}) ({RR} 6. b5 Nf6 7. Bg2 Nbd7 8. O-O Bd6 9. d3 O-O 10. f4 exf4 11. Bxb7 Rb8 12. Bg2 Re8 13. a4 h5 14. Nd2 h4 15. gxh4 Ne5 16. Nf3 Ng6 17. Bh3 Nh7 18. h5 Nh4 19. Nxh4 Qxh4 20. Qg4 Qf6 {Mekhitarian,K (2564)-Tregubov,P (2555) chess.com INT 2025 1-0 (37)}) 6... Nd7 ({Especially in rapid chess, Black probably was not keen on entering Rapport's territory with such lines as} 6... Bxb4 7. Qa4+ Nc6 8. f4 Nge7 (8... Qd6 9. Na3 $44) 9. fxe5 $13) 7. a3 (7. b5 $5) 7... a5 (7... Ne7 $6 {Injac,T (2215)-Ratkovic,M (2382) Paracin 2016 (0-1, 48) unnecessarily creates problems with kingside development.} 8. O-O Ng6 (8... g6 9. f4 exf4 10. d3 fxg3 11. hxg3 c6 12. Re1 Bg7 13. Qe2 {and the king is stuck in the centre.}) 9. h4 h5 10. d3 $14 {[%csl Gg6,Gh5]}) 8. b5 Bd6 $146 ({RR} 8... Nc5 9. O-O Bd6 10. a4 Nf6 11. d3 O-O 12. Ba3 Nfd7 13. Qc2 Ne6 14. f4 exf4 15. Bxb7 Rb8 16. Bg2 Bxa3 17. Rxa3 Ndc5 18. Nd2 fxg3 19. hxg3 f5 20. Bd5 f4 21. Ne4 Kh8 22. Nxc5 Nxc5 23. Qe2 {Arabidze,M (2457)-Zhigalko,S (2572) chess.com INT 2024 0-1 (57)}) ({RR} 8... Nc5 9. O-O Bd6 10. a4 Nf6 11. d3 O-O 12. Ba3 Nfd7 13. Qc2 f5 14. Nd2 Qf6 15. Rfe1 Rae8 16. Re2 Re7 17. Rae1 Rfe8 18. Bb2 Ne6 19. f4 exf4 20. Bxb7 fxg3 21. hxg3 Bb4 22. Bd5 Ndc5 23. Ra1 {Arabidze,M (2458)-Zhigalko,S (2572) chess.com INT 2024 0-1 (31)}) 9. f4 $1 {It is best playing this pawn break before castling in order to avoid the familiar plan based on a later ...h7-h5-h4.} exf4 10. Bxb7 Rb8 11. Bg2 Ngf6 12. d3 $1 ({The same idea:} 12. O-O $6 fxg3 13. hxg3 h5 14. Re1+ Kf8 $36) 12... Qe7+ 13. Kf1 Nc5 (13... fxg3 14. hxg3 {would just clear the h-file for the white rook, leaving Black with the question whether castling is really safe.}) 14. Bc6+ {White plays on the light squares and Black plays on the dark squares. But the white bishop is clearly the strongest minor piece on the board, even stronger than the c5-knight, which does not restrict White's coordination that much.} Kf8 (14... Nfd7 15. Bxf4 Bxf4 16. gxf4 O-O 17. Rg1 f5 18. Qf3 Rbe8 19. Nd2 $16 {with little or no compensation for the pawn.}) 15. Ra2 Nfd7 ({Once again} 15... fxg3 16. hxg3 h5 {is dubious:} 17. Re2 Ne6 18. Bg5 Qd8 19. Rxe6 $5 fxe6 20. Nd2 Be7 21. Qe2 $16 {Black's poorly defended army faces problems defending the light squares and the king.}) 16. gxf4 $6 {A curious decision.} (16. Bxf4 Bxf4 17. gxf4 $16 {would have won the pawn without complications.}) 16... Qf6 17. Nd2 Qxf4 $2 (17... Bxf4 $1 18. Ne4 Nxe4 19. Bxf4 Qxf4 20. Bxe4 Nc5 $11) 18. Ne4 (18. Nf3 {may be even better} Qg4 19. h3 Qg6 20. Nxd4 $16) 18... Qf5 19. h4 $5 h5 ({Time has not come yet to fight against the bishop with} 19... Ne5 20. Nxc5 Nxc6 (20... Bxc5 21. Be4 $14) 21. Na6 Ra8 (21... Rb6 22. c5 Bxc5 23. Nxc5 Qxc5 24. bxc6 Qd5 {Seems to be winning but it loses.} 25. Rg1 $1 Qxa2 26. Qg4 $18 {[%csl Gc8,Gg7]}) 22. Nxc7 Bxc7 23. bxc6 $16) 20. Bg5 (20. Re2 $5 $14) 20... Ne5 21. Nxc5 Bxc5 ({But now was a good moment for} 21... Nxc6 $1 22. Na6 Rb6 $1 23. c5 $6 Bxc5 24. Nxc5 Qxc5 25. bxc6 $2 Qd5 $1 $19 {[%csl Gg4] Unfortunately, the g4-square is not available anymore. Well, too deep nuances for rapid chess I guess.}) 22. Be4 Qe6 23. Bd5 Qf5 24. Be4 Qe6 25. f3 (25. Re2 $16 Bxa3 26. Qa1 {[%csl Ga5,Gd4]}) 25... Rxb5 26. Bd5 Qd6 27. Bxf7 Rb7 28. Bd5 c6 29. Be4 $14 {It is hard to say whether Rapport had blundered ...xb5 but his position remains healthier.} Bxa3 30. Qa4 Bb4 31. f4 Rf7 32. Kg2 Ng4 33. Qxc6 Qxc6 34. Bxc6 Ne3+ 35. Kf3 g6 36. Be4 Kg7 37. c5 $1 {The start of the final attack.} Ng4 (37... Bxc5 38. Rxa5 $16 {[%csl Gg6][%cal Ga5a6]}) 38. c6 Rc8 39. Rc1 Bc3 40. Bd5 Ne5+ (40... Rfc7 41. Re2 $16) 41. Ke2 Nxc6 42. Bxf7 Kxf7 43. Rb1 Re8+ 44. Kf1 Re3 45. Rb6 Nb4 46. Re2 Nxd3 $6 47. f5 $1 {A small trick winning quickly.} Rxe2 48. fxg6+ Kg7 49. Kxe2 Nc1+ 50. Bxc1 1-0

[Event "FIDE World Cup"]
[Site "Tbilisi"]
[Date "2017.09.14"]
[Round "4.4"]
[White "Svidler, Peter"]
[Black "Bu, Xiangzhi"]
[Result "1-0"]
[WhiteElo "2751"]
[BlackElo "2710"]
[PlyCount "71"]
[EventDate "2017.09.03"]
[EventType "k.o."]
[EventRounds "7"]
[EventCountry "GEO"]
[SourceTitle "CBM 181"]
[Source "ChessBase"]
[SourceDate "2017.11.10"]
[SourceVersion "1"]
[SourceVersionDate "2017.11.10"]
[SourceQuality "1"]

1. Nf3 f5 2. d3 d6 3. e4 e5 4. Nc3 Be7 ({RR} 4... Nc6 5. exf5 Bxf5 6. d4 Nxd4 7. Nxd4 exd4 8. Qxd4 c6 9. Bf4 Bxc2 10. Kd2 Bg6 11. Re1+ Kd7 12. g3 Qb6 13. Bh3+ Kc7 14. Bxd6+ Bxd6 15. Qxg7+ Kb8 16. Kc1 Qxf2 17. Ne4 Bf4+ 18. gxf4 Qxf4+ 19. Nd2 {Fressinet,L (2718)-Malaniuk,V (2527) Bastia 2010 1-0}) 5. d4 fxe4 ({RR} 5... exd4 6. Nxd4 fxe4 7. Nxe4 Nf6 8. Nxf6+ Bxf6 9. Be2 O-O 10. O-O d5 11. Nf3 c6 12. Be3 Bg4 13. c3 Nd7 14. Bd4 Re8 15. h3 Bh5 16. Bxf6 Qxf6 17. Nd4 Bxe2 18. Nxe2 Ne5 19. Nd4 Re7 20. Qb3 {Lantini,M (1924)-Spata,G (2399) chess.com INT 2024 0-1 (52)}) 6. Nxe4 d5 7. Neg5 $146 ({RR} 7. Nxe5 dxe4 8. Bc4 Nf6 9. Bg5 Qd6 10. Bf7+ Kf8 11. Bb3 Be6 12. c4 Nbd7 13. c5 Nxc5 14. Bf4 Nxb3 15. axb3 Qb4+ {0-1 (15) Haelsig,G (1874)-Grimm,U (2042) Hamburg 2018}) ({RR} 7. Nxe5 dxe4 8. Bc4 Nf6 9. Nf7 Bg4 10. f3 exf3 11. gxf3 Bb4+ 12. c3 Qe7+ 13. Kf2 Ne4+ 14. Kg1 Rf8 15. fxg4 Nc6 16. Kg2 Na5 17. Bg5 Nxg5 18. Re1 Ne4 19. Qd3 Nxc4 20. Rxe4 Rxf7 21. Rxe7+ Bxe7 {Borik,O (2415)-Renner,C (2437) Germany 1999 1-0}) 7... exd4 8. Bd3 Qd6 9. Nxd4 c5 10. Nb5 Qe5+ 11. Be3 Na6 12. O-O Nf6 13. Re1 Bg4 14. Qd2 Ne4 15. Nxe4 dxe4 16. Bf4 Qf6 17. Rxe4 O-O 18. Rae1 Rad8 19. Rxe7 Qxf4 20. Qxf4 Rxf4 21. Rxb7 Nb4 22. f3 Nxd3 23. cxd3 Bf5 24. Ree7 Bxd3 25. Rxg7+ Kh8 26. Rgc7 Bg6 27. h3 Rb4 28. Nxa7 Rxb7 29. Rxb7 Rd1+ 30. Kh2 Bd3 31. Rd7 c4 32. Nc6 Rb1 33. Ne5 Bf1 34. Rd2 Ra1 35. a3 Ra2 36. Rf2 1-0